00399nam a22001212 4500001001100000005001700011008004100028040001500069100003900084245012500123260001000248300001900258000002464320151217161644.0140123s xx 000 0 eng d aKABUcKABU1 aMatoke, Julie Kemunto.@000018502510aCritical analysis of individual accessibility to the African Court on Human and Peoples' Rights /cJulie Kemunto Matoke. c2013. aix, 50 leaves.